JR北海道の特急列車/Limited Express Trains of JR Hokkaido - Statistics

General Stats
  • This quiz has been taken 136 times
    121 since last reset
  • The average score is 8 of 10
Answer Stats
Line(s) Serving 使用路線 Origin 起点 Destination 終点 Train 車両 Train Name 列車名 % Correct
Hakodate/Soya Main Line/函館・宗谷本線 Sapporo 札幌 Wakkanai 稚内 キハ261系 Soya/宗谷
96%
Hakodate Main Line/Chitose Line/Muroran Main Line/函館本線・千歳線・室蘭本線 Hakodate 函館 Sapporo 札幌 キハ261系 Hokuto/北斗
90%
Hakodate Main Line/函館本線 Sapporo 札幌 Asahikawa 旭川 789系1000番台 Kamui/カムイ
88%
Hakodate Main Line/函館本線 Sapporo 札幌 Asahikawa 旭川 789系0番台 Lilac/ライラック
87%
Hakodate Main Line/Chitose Line/Sekisho Line/Nemuro Main Line/函館本線・千歳線・石勝線・根室本線 Sapporo 札幌 Kushiro 釧路 キハ261系 Ozora/おおぞら
84%
Hakodate/Soya/Sekihoku Main Line/函館・宗谷・石北本線 Sapporo 札幌 Abashiri 網走 キハ283系 Okhotsk/オホーツク
83%
Soya Main Line/宗谷本線 Asahikawa 旭川 Wakkanai 稚内 キハ261系 Sarobetsu/サロベツ
79%
Hakodate Main Line/Chitose Line/Sekisho Line/Nemuro Main Line/函館本線・千歳線・石勝線・根室本線 Sapporo 札幌 Obihiro 帯広 キハ261系 Tokachi/とかち
78%
Hakodate Main Line/Chitose Line/Muroran Main Line/函館本線・千歳線・室蘭本線 Sapporo 札幌 Muroran/Higashi Muroran 室蘭/東室蘭 785系/789系 Suzuran/すずらん
77%
Soya/Sekihoku Main Line/宗谷・石北本線 Asahikawa 旭川 Abashiri 網走 キハ283系 Taisetsu/大雪
77%
No matching quizzes found
Score Distribution
Percent of People with Each Score
Percentile by Number Answered
Your Score History
You have not taken this quiz since the last reset